| 000 | 00693nam a22002297a 4500 | ||
|---|---|---|---|
| 005 | 20170124110113.0 | ||
| 010 | _a183232 | ||
| 020 | _c00.00 | ||
| 035 | _a183232 | ||
| 037 | _bCen Lib/Ret | ||
| 040 |
_aDPL _bEN |
||
| 082 |
_a959 _bLAN |
||
| 100 |
_aLancaster, Donald _929512 |
||
| 245 |
_aThe emancipation of French Indochina / _cby Donald Lancaster |
||
| 260 |
_bOxford University Press _c1961 _aLondon |
||
| 270 |
_aAmen House _bLondon |
||
| 300 |
_axii,445p. _c21cm(Hb) |
||
| 500 | _aIncludes bibliographical references and index | ||
| 650 |
_aIndochina -- History _929513 |
||
| 650 |
_aPolĂtica internacional -- Francia _929514 |
||
| 942 |
_2ddc _cEN _h959 _mLAN |
||
| 999 |
_c130564 _d130564 |
||